Development of a deep learning algorithm for MRI segmentation using an attention-based U-net and Swin transformer (Record no. 45659)

000 -LEADER
fixed length control field 00549nam a22001697a 4500
001 - CONTROL NUMBER
control field 45659
003 - CONTROL NUMBER IDENTIFIER
control field BD-DhUET
008 - FIXED-LENGTH DATA ELEMENTS--GENERAL INFORMATION
fixed length control field 250802b xxu||||| |||| 00| 0 eng d
040 ## - CATALOGING SOURCE
Transcribing agency 0
Modifying agency BD-DhUET
100 ## - MAIN ENTRY--PERSONAL NAME
Personal name Tazkia Mim Angona
245 ## - TITLE STATEMENT
Title Development of a deep learning algorithm for MRI segmentation using an attention-based U-net and Swin transformer
260 ## - PUBLICATION, DISTRIBUTION, ETC. (IMPRINT)
Place of publication, distribution, etc. Dhaka
Name of publisher, distributor, etc. Institute of Information and Communication Technology (IICT), BUET
Date of publication, distribution, etc. 2026
300 ## - PHYSICAL DESCRIPTION
Extent xiii, 74 p.
501 ## - WITH NOTE
With note One CD-ROM
504 ## - BIBLIOGRAPHY, ETC. NOTE
Bibliography, etc Includes bibliographies
942 ## - ADDED ENTRY ELEMENTS (KOHA)
Koha item type Thesis
Holdings
Source of classification or shelving scheme Date acquired Damaged status Not for loan Withdrawn status Location (home branch) Piece designation (barcode) Koha date last seen Shelving location Sublocation or collection (holding branch) Koha item type Price effective from Lost status
 2026-04-21   Central Library, BUET1210252026-04-25Acquisition sectionCentral Library, BUETThesis2026-04-25